Odrůdové rozdíly v citlivosti k zimním mrazům v roce 1985

Bibliographic Details
Main Authors: Blažek, Jan, 1943- (Author), Paprštein, František (Author)
Format: Article
Language:Czech
Subjects:

MARC

LEADER 00000nab a2200000 a 4500
001 vtls000242513
003 SK-MaSNL
005 20260303211430.0
008 160201c1986 xo 0 cze
015 |a SNBRB19rr/mm-uuuuu 
035 |a CL0252627 
040 |a SNKBUCL  |b slo  |c SNKBUCL  |e AACR2 
041 0 |a cze 
044 |a xo  |c SK 
080 |a 634:631.524:631.111.5  |2 1981 
080 |a 631.524  |2 1981 
080 |a 631.111.5  |2 1981 
100 1 |a Blažek, Jan,  |d 1943-  |4 aut  |9 122648 
245 1 0 |a Odrůdové rozdíly v citlivosti k zimním mrazům v roce 1985  |c Jan Blažek, František Paprštein 
650 0 7 |a ovocné dreviny  |2 snkbucl  |9 29477 
655 7 |a články z novín a časopisov  |2 snkbucl  |9 267496 
700 1 |a Paprštein, František  |4 aut  |9 962050 
773 0 |t Záhradníctvo  |g Roč. 11, č. 3 (1986), s. 102-103 
850 |a Slovenská národná knižnica v Martine  |a MTA001 
852 |a SNK  |b KIS3GCP 
958 |a RK 
958 |a CZ 
992 |a RBX 
999 |c 2202939  |d 2204869